| 000 | 00476nam a2200169Ia 4500 | ||
|---|---|---|---|
| 999 |
_c24209 _d24209 |
||
| 003 | OSt | ||
| 005 | 20201222101019.0 | ||
| 008 | 190216s9999||||xx |||||||||||||| ||und|| | ||
| 040 | _coclc | ||
| 082 |
_a894.8121 _bNAY/V |
||
| 100 |
_aNayar, S K _97742 |
||
| 245 | 0 |
_aVadakkan Pattukkal / _cS K Nayar |
|
| 260 |
_bUniversity Of Madras, _c1957. _aMadras: |
||
| 300 | _a249p | ||
| 650 | _aKavithakal | ||
| 942 |
_cBK _2ddc _h894.8121 _iNAY/V _k894.8121 _mNAY/V |
||